000 00616nam a2200193Ia 4500
003 GCL
008 140319s9999 xx 000 0 ara d
040 _aGCL /
_cGCL
082 0 4 _a247.9
_bح ك
100 1 _aالحامدى ابراهيم بن الحسين
245 1 0 _aكتاب كنز الولد /
_cالحامدى ابراهيم بن الحسين
260 _a[S.N] :
_bفرانز شتاينر بفيسبادن ،
_c1971
300 _a341 ص
490 _aالبشرات الاسلامية
_v0
650 0 4 _aالاسلام
650 0 4 _aالشيعة
650 0 4 _aالاسماعيلية
942 _2ddc
_cBK
999 _c29772
_d29772